000 00429nam a2200193Ia 4500
005 20240823035009.0
008 240823s9999||||xx |||||||||||||| ||und||
020 _a0-435-91006-x
041 _aENGLISH
082 _A823.914 N6
100 _aRayda Jacobs
245 0 _aEyes of the sky
250 _a1st
260 _c1996
_b"Heinemann,L"
500 _aYES
650 _aGeneral
_bGeneral
942 _cBK
999 _c199631
_d199631